Yannis Ziogas : Μπαλάντες

Αποθηκεύτηκε σε:
Λεπτομέρειες βιβλιογραφικής εγγραφής
Κύριος συγγραφέας: Ζιώγας, Γιάννης, 1962-
Μορφή: Βιβλίο
Γλώσσα:Greek
English
Δημοσίευση: Middletown, Connecticut, USA : Athens : Ezra and Cecile Zilkha Gallery;, Yiayiannos Gallery, 2002
Θέματα:
Ετικέτες: Προσθήκη ετικέτας
Δεν υπάρχουν, Καταχωρήστε ετικέτα πρώτοι!

MARC

LEADER 00000cam a2200000 i 4500
001 1/96717
008 081106s2002 gre d
035 |l 10101445 
040 |a GR-MY-UA  |b gre  |e aacr 
041 0 |a gre  |a eng 
082 0 |a 700.92  |2 (22) 
100 1 |a Ζιώγας, Γιάννης,   |d 1962- 
245 1 0 |a Yannis Ziogas :  |b Μπαλάντες / Ballads 
246 3 4 |a Γιάννης Ζιώγας 
260 |a Middletown, Connecticut, USA :   |a Athens :   |b Ezra and Cecile Zilkha Gallery;,   |b Yiayiannos Gallery,   |c 2002 
300 |a 63 σ.;  |b έγχρ. εικ.;  |c 28 εκ. 
500 |a Το βιβλίο τυπώθηκε με την ευκαιρία της έκθεσης του Γιάννη Ζιώγα "Ballads/Μπαλάντες", η οποία πραγματοποιήθηκε παράλληλα στην Ezra και Cecile Zilkha Gallery, Wesleyan University, Middletown, Connecticut, USA και στην Yiayiannos Gallerry στην Αθήνα τον Σεπ. - Οκτ. 2002 
600 1 0 |a Ζιώγας Γιάννης  |d 1962-  |x Exhibitions. 
650 0 0 |a Art, Modern  |y 21st century  |z Greece  |x Exhibitions. 
650 0 0 |a Artists  |z Greece  |y 20th century  |x Exhibitions. 
852 |a INST  |b SYROS  |e 20081106  |h 700.92 ΖΙΩ  |p 005500008932  |q 005500008932  |t BK  |y 0 
901 |a BIBL5-2008-3 
909 |a Ε  |b 154365 
970 |a ΚΟΝΤΟΥ  |b ΠΑΡΑΣΚΕΥΗ  |z 2008/11/06